000
00298nam a2200133Ia 4500
008
100328s9999 xx 000 0 und d
082
_b
21739
100
_a
---
245
_a
महानगर
260
_b
---
630
_a
महानगर
730
_a
महानगर
942
_c
BOOK
999
_c
515727
_d
515724